Matemática en secundaria : 2º caba :
Guardado en:
| Autor Principal: | |
|---|---|
| Otros Autores: | , |
| Formato: | Libro |
| Publicado: |
Buenos Aires :
Santillana,
2012
|
| Materias: | |
| Etiquetas: |
Agregar Etiqueta
Sin Etiquetas, Sea el primero en etiquetar este registro!
|
| LEADER | 01888nam a22004455a 4500 | ||
|---|---|---|---|
| 001 | CEM.cems018518 | ||
| 005 | 20160225101511.0 | ||
| 008 | 130507s2012##################000#0#####d | ||
| 003 | CEMS | ||
| 020 | |a 9789504624363 | ||
| 082 | 0 | 4 | |a 510 |
| 100 | 1 | |a Becerril, María Mónica | |
| 245 | 1 | 0 | |a Matemática en secundaria : |b 2º caba : |c María Mónica Becerril, Patricia García y Verónica Grimaldi |
| 260 | |a Buenos Aires : |b Santillana, |c 2012 | ||
| 300 | |a 160 p. | ||
| 500 | |a Para nivel 2º Caba y 3º Es | ||
| 505 | 0 | |a Números enteros -- Problemas de conteo y fórmulas -- Areas de figuras -- Números racionales -- Función lineal y su comportamiento -- Semejanza y teorema de Thales -- Números racionales y números reales -- Función lineal y ecuación de la recta -- Estadística y probabilidad -- Función lineal y sistemas de ecuaciones lineales -- Función cuadrática | |
| 653 | |a Matemática | ||
| 653 | |a Matemática-educación secundaria | ||
| 653 | |a Matemática-2 caba | ||
| 653 | |a Matemática-3 es | ||
| 653 | |a Números enteros | ||
| 653 | |a Areas | ||
| 653 | |a Números racionales | ||
| 653 | |a Figuras-areas | ||
| 653 | |a Función lineal | ||
| 653 | |a Teorema de thales | ||
| 653 | |a Función cuadratica | ||
| 653 | |a Ecuaciones | ||
| 653 | |a Ecuación lineal | ||
| 653 | |a Estadística | ||
| 653 | |a Probabilidad | ||
| 700 | 1 | |a García, Patricia | |
| 700 | 1 | |a Grimaldi, Verónica | |
| 859 | |a CEMS |b BIB. CEMS - Agricultura |h 510 |i B386 |p A2739.16 |t Ej.1 |v 3 |3 3 | ||
| 859 | |a CEMS |b BIB. CEMS - Agricultura |h 510 |i B386 |p A2740.16 |t Ej.2 |v 3 |3 3 | ||
| 859 | |a CEMS |b BIB. CEMS - Agricultura |h 510 |i B386 |p A2741.16 |t Ej.3 |v 3 |3 3 | ||
| 859 | |a CEMS |b BIB. CEMS - Agricultura |h 510 |i B386 |p A2742.16 |t Ej.4 |v 3 |3 3 | ||
| 859 | |a CEMS |b BIB. CEMS - Agricultura |h 510 |i B386 |p A2743.16 |t Ej.5 |v 3 |3 3 | ||
| 859 | |a CEMS |b BIB. CEMS - Agricultura |h 510 |i B386 |p A2744.16 |t Ej.6 |v 3 |3 3 | ||
